Missing Word: 'F' Literature Quiz Stats

 Plays Quiz Updated Aug 19, 2012

Support Sporcle.
Go Orange.
Score 0/20 Timer 04:00
2 Plays Today
Title 'F' Word % Correct
Charlie and the Chocolate _____Factory
97.9%
The Adventures of Huckleberry _____Finn
97.5%
Harry Potter and the Goblet of _____Fire
96.7%
Lord of the _____Flies
96.1%
Nineteen Eighty-____Four
95.3%
One _____ Over the Cuckoo's NestFlew
95%
All Quiet on the Western _____Front
94.6%
_____ Whom the Bell TollsFor
93.9%
Animal _____Farm
93.4%
Things _____ ApartFall
88.7%
Title 'F' Word % Correct
Slaughterhouse-_____Five
84%
The _____ of the RingFellowship
80.9%
_____ 451Fahrenheit
78.6%
_____ Mr. FoxFantastic
75.6%
A _____ to ArmsFarewell
74.9%
Long Walk to _____Freedom
68.3%
The Sound and the _____Fury
64.9%
_____; or, The Modern PrometheusFrankenstein
64%
Artemis _____Fowl
60.5%
_____ and ZooeyFranny
30%

Today's Daily Dose

You're not logged in!

Compare scores with friends on all Sporcle quizzes.
OR
Log In

From the Vault

Written First?

by NJSB

Writing is not a race, but if it was, we'd bet all our money on Jack Kerouac.
Remove Ads.
Support Sporcle.
Get the best of Sporcle when you Go Orange. This ad-free experience offers more features, more stats, and more fun while also helping to support Sporcle. Thank you for becoming a member.

Show Comments

Extras

Top Quizzes Today


Score Distribution

Your Account Isn't Verified!

In order to create a playlist on Sporcle, you need to verify the email address you used during registration. Go to your Sporcle Settings to finish the process.

Report this User

Report this user for behavior that violates our Community Guidelines.

Details: